| 000 | 00399nam a2200133Ia 4500 | ||
|---|---|---|---|
| 005 | 20260326235448.0 | ||
| 008 | 260326s9999||||xx |||||||||||||| ||und|| | ||
| 100 | _aPomada, Elizabeth | ||
| 245 | 4 |
_aThe Painted ladies revisited : _b San Francisco's resplendent victorians inside and out / _cElizabeth Pomada |
|
| 260 | _bDutton | ||
| 300 | _a160 p. | ||
| 650 | _aARQUITECTURA RESIDENCIAL | ||
| 942 | _cBK | ||
| 999 |
_c7670 _d7670 |
||